| 000 | 00000nas 2200000za 4500 |
| 001 | 9.864334 |
| 003 | CaOODSP |
| 005 | 20221107161519 |
| 007 | cr ||||||||||| |
| 008 | 181106d19171917oncar p oss f000#b0fre|d |
| 040 | |aCaOODSP|bfre |
| 041 | |aeng|afre |
| 043 | |an-cn--- |
| 086 | 1 |aCS35-205-PDF |
| 245 | 00|aPlaning mills, sash and door factories, etc. |h[ressource électronique]. |
| 246 | 15|aAteliers de planage, fabriques de portes et fenêtres, etc. |
| 246 | 1 |iEn tête du titre :|aCensus of Industry |
| 260 | |aOttawa : |bDominion Bureau of Statistics, |c1919. |
| 300 | |a1 v. |
| 310 | |aAnnuel |
| 362 | 0 |a1917. |
| 490 | 0 |aSessional paper |
| 500 | |aTitre pris sur la couv. |
| 500 | |aEn tête du titre : Census of Industry, 1917. Part IV, Section 3. |
| 500 | |aTitre de la p. de t. addit. : Ateliers de planage, fabriques de portes et fenêtres, etc. |
| 500 | |aÉdition numérisée de l’imprimé [par Statistique Canada] |
| 546 | |aTexte en anglais et en français. Texte en français suit le texte anglais. |
| 580 | |aSuivi de : Preliminary report on the sash, door & planing mill industry in Canada. |
| 692 | 07|2gccst|aIndustrie du bois |
| 710 | 1 |aCanada. |bBureau fédéral de la statistique. |
| 791 | |tPlaning mills, sash and door factories, etc. |eeng|w(CaOODSP)9.864329 |